Statistics for 2024 in Various Calendar Systems 📅

Click here to take the quiz!

General Stats

  • This quiz has been taken 487 times
    (185 since last reset)
  • The average score is 12 of 25

Answer Stats

Current YearHintCalendar System% Correct
4721–4722National calendar invented by the emperor in 2637 BCEChinese calendar
85%
2024The most commonly used calendar todayGregorian calendar
83%
Reiwa 6The Reiwa era of this calendar began May 1, 2019.Japanese calendar
81%
1445–1446 AHYear 1 marks a famous pilgrimage in 622.Islamic calendar
80%
2024 (-13 days)Replaced by the calendar belowJulian calendar
72%
13.0.11.3.8– 13.0.12.3.1312 years ago, the calendar reset to 13.0.0.0.0.Mesoamerican (Maya) Long Count calendar
67%
5784–5785Year 1 of this religious calendar is about one year before the creation of the world.Hebrew calendar
66%
113Year 1 was the birth of the first leader in 1912.Juche (North Korean) calendar
59%
2777 AUCYear 1 marks an important founding in 753 BC.Ab urbe condita (from founding Rome)
53%
4357National calendar that determines when festivals like Seollal areKorean calendar
53%
ROC 113Year 1 marks the establishment of the nation in 1912. Hundreds of millions fewer used it after 1949.Minguo (Republic of China) calendar
52%
2568Used to determine religious festivals in many countriesBuddhist calendar
48%
5124–5125Year 1, and the current 4th stage of the world, began in 3102 BCE.Kali Yuga (Hindu)
48%
2016–2017Christians in two countries follow this calendar with a different year for Annunciation.Ethiopian calendar
44%
1024–1025Calendar used by an ethnic group in NigeriaIgbo calendar
44%
1402–1403This national calendar is the most accurate solar calendar in use today.Iranian calendar
41%
556Year 1 marks the birth of Guru Nanak Dev in 1469.Nanakshahi (Sikh) calendar
39%
1957–1958 AJThis populous island's calendar begins in 78 AD.Javanese calendar
38%
1740–1741Used for religion and farming in Egypt.Coptic calendar
32%
180–181Year 1 marks when the Báb proclaimed his religion in 1844.Bahá'í calendar
28%
7532–7533An empire's calendar from 988 to 1453 that claims an earlier year for creationByzantine calendar
27%
1386National calendar used since 640, first by the Sri Ksetra KingdomBurmese calendar
22%
1431 BSUsed by one country and populous subregions of anotherBengali calendar
19%
1704067200 – 1735689599The number of seconds since 00:00:00 UTC 1 January 1970 (used in computers){Unix} time
18%
12024 HERepresents the number of years since agriculture developed.Holocene (Human Era) calendar
17%

Score Distribution

Percentile by Number Answered

Percent of People with Each Score

Your Score History

You have not taken this quiz since the last reset